| 000 | 00505nam a22001337a 4500 | ||
|---|---|---|---|
| 008 | 211005b ||||| |||| 00| 0 eng d | ||
| 020 | _a1779050763 | ||
| 050 | _aHD1000.T763 1998 | ||
| 245 |
_aTrade and Investment in South Africa: _btowards regional co-operative and integration/ _cedited by Chinyamata Chipeta |
||
| 260 |
_aHarare: _bSapes Books, _c1998. |
||
| 300 |
_aii, 147p. ; _c21cm. |
||
| 440 |
_aThe informal se4ctor in Southern Africa: analysis and policy issues _950251 |
||
| 942 |
_2lcc _cMONOGRAPH |
||
| 999 |
_c130666 _d130666 |
||